[Event "Druzynowe Mistrzostwa Polski - II Liga 2023"]
[Site "Jastrzebia Gora"]
[Date "1899-12-30"]
[Round "8.17"]
[White "Lonski, Aleksander"]
[Black "Bugajski, Robert"]
[Result "1-0"]
[WhiteTitle "I"]
[BlackTitle "FM"]
[WhiteElo "1805"]
[BlackElo "1928"]

1. e4 e6 2. d4 d5 3. Bd3 dxe4 4. Bxe4 Nf6 5. Bf3 c5 6. Ne2 Nc6 7. Be3 cxd4 8. Nxd4
Ne5 9. Nc3 Bb4 10. O-O a6 11. Ne4 Be7 12. Qe2 O-O 13. Rad1 Qa5 14. Nxf6+ Bxf6
15. Be4 Qxa2 16. f4 Nc6 17. Nxc6 bxc6 18. Ra1 Qxb2 19. Rab1 Qc3 20. Rb3 Qa5 21.
Bxc6 Ra7 22. Bxa7 Qc7 23. Bc5 Qxc6 24. Bxf8 Kxf8 25. Rfb1 g6 26. Qd3 Kg7 27. Kh1
Qc5 28. Rb4 Qa7 29. Qc4 a5 30. Rb6 Bd8 31. Qc3+ Kh6 32. Rb8 1-0

[Event "Druzynowe Mistrzostwa Polski - II Liga 2023"]
[Site "Jastrzebia Gora"]
[Date "1899-12-30"]
[Round "8.18"]
[White "Michalska, Aleksandra"]
[Black "Krzywnicka, Maria"]
[Result "1-0"]
[WhiteTitle "I++"]
[BlackTitle "I++"]
[WhiteElo "1844"]
[BlackElo "1835"]

1. e4 c5 2. Nc3 Nc6 3. Bb5 Nd4 4. Bc4 e6 5. d3 Ne7 6. Nge2 d5 7. Bb3 Nxb3 8. axb3
d4 9. Nb1 Nc6 10. O-O Be7 11. f4 O-O 12. Nd2 f5 13. Ng3 Bh4 14. Qe2 e5 15. Nxf5
exf4 16. Nc4 g6 17. Nfd6 f3 18. Rxf3 Bg4 19. Nxb7 Bxf3 20. gxf3 Qd7 21. Nxc5 Qe7
22. Na4 Bg5 23. Qg2 Bf4 24. Bxf4 Rxf4 25. Nab6 Rd8 26. Nd5 Rxd5 27. exd5 Nb4 28.
d6 Qf7 29. Rf1 Nd5 30. Qe2 Rf5 31. Re1 Rg5+ 32. Kh1 Ne3 33. Nxe3 Re5 34. Qf2 dxe3
35. Rxe3 Rxe3 36. Qxe3 Qd5 37. Qe8+ Kg7 38. Qe7+ Kh6 39. Kg2 Qc5 40. c3 Qb5 41.
d7 1-0

[Event "Druzynowe Mistrzostwa Polski - II Liga 2023"]
[Site "Jastrzebia Gora"]
[Date "1899-12-30"]
[Round "8.19"]
[White "Klepek, Witold"]
[Black "Kaczmarek, Aleksander"]
[Result "0-1"]
[WhiteTitle "k++"]
[BlackTitle "FM"]
[WhiteElo "2299"]
[BlackElo "2276"]

1. e4 c6 2. Nf3 d5 3. Nc3 Bg4 4. h3 Bxf3 5. Qxf3 e6 6. Be2 Bc5 7. Qg3 Bd4 8. exd5
exd5 9. O-O Ne7 10. Bd1 Nd7 11. Ne2 Be5 12. Qf3 g6 13. d4 Bg7 14. c3 O-O 15. Bc2
Nc8 16. Bf4 Nf6 17. b3 Nd6 18. Qd3 Nfe4 19. c4 Re8 20. c5 Nf5 21. g4 Nh4 22. Rae1
Qf6 23. f3 Nxc5 24. dxc5 Rxe2 25. Qxe2 Qxf4 26. Kh1 Bc3 27. Qe3 Qg3 28. Re2 Qxh3+
29. Kg1 Qg3+ 30. Kh1 Ba5 31. Qg1 Qxg1+ 32. Kxg1 Bb4 33. Kh2 g5 34. Kh3 Bxc5 35.
f4 Ng6 36. fxg5 Bd6 37. Bxg6 hxg6 38. Kg2 a5 39. a4 Rd8 40. Kf3 Bb4 41. Rd1 Kf8
42. Rh1 Bc3 43. Re3 Bd4 44. Re2 Bc3 45. Re3 Bg7 46. Rh7 d4 47. Re4 Rd5 48. Rh1
Rxg5 49. Rhe1 Bf6 50. Re8+ Kg7 51. Rb8 b5 52. axb5 cxb5 53. Ra8 Rc5 54. Rxa5 Rc3+
55. Kf4 g5+ 56. Ke4 Rxb3 57. Ra6 Rg3 58. Kd5 d3 59. Rd1 Bc3 60. Ke4 d2 61. Rf1
Rxg4+ 62. Kd3 b4 63. Rb6 f6 64. Kc2 Re4 0-1

[Event "Druzynowe Mistrzostwa Polski - II Liga 2023"]
[Site "Jastrzebia Gora"]
[Date "1899-12-30"]
[Round "8.20"]
[White "Szewczyk, Mariusz"]
[Black "Musial, Tomasz"]
[Result "1/2-1/2"]
[WhiteTitle "k"]
[BlackTitle "CM"]
[WhiteElo "2134"]
[BlackElo "2184"]

1. e4 e6 2. d4 d5 3. Nc3 Nf6 4. Bg5 dxe4 5. Nxe4 Be7 6. Bxf6 gxf6 7. Qd2 b6 8.
O-O-O Bb7 9. Nc3 c6 10. g3 Nd7 11. Bg2 Qc7 12. f4 f5 13. Nf3 O-O-O 14. Rhe1 Rhg8
15. Qe2 Kb8 16. a3 h5 17. Ne5 Nxe5 18. dxe5 h4 19. Rxd8+ Bxd8 20. Qf3 hxg3 21.
hxg3 Be7 22. Rh1 c5 23. Qxb7+ Qxb7 24. Bxb7 Kxb7 25. Rh7 Rf8 26. Kd2 Kc6 27. Ke3
c4 28. Kf3 Bc5 29. g4 fxg4+ 30. Kxg4 Bd4 31. Kf3 f6 32. Ke4 fxe5 33. fxe5 Bxc3
34. bxc3 Rf2 35. Rxa7 Rxc2 36. Kd4 Rd2+ 37. Kxc4 1/2-1/2

[Event "Druzynowe Mistrzostwa Polski - II Liga 2023"]
[Site "Jastrzebia Gora"]
[Date "1899-12-30"]
[Round "8.21"]
[White "Zarnowski, Krzysztof"]
[Black "Litner, Igor"]
[Result "1/2-1/2"]
[WhiteTitle "k"]
[BlackTitle "I++"]
[WhiteElo "2113"]
[BlackElo "1954"]

1. d4 Nf6 2. c4 e6 3. Nf3 d5 4. g3 a6 5. cxd5 exd5 6. Bg2 c6 7. O-O Bd6 8. Nc3
Qc7 9. Qc2 O-O 10. e4 dxe4 11. Nxe4 Nxe4 12. Qxe4 Nd7 13. Re1 Nf6 14. Qc2 Bg4
15. Ne5 Rfe8 16. Bf4 Bh5 17. Rac1 Bg6 18. Qb3 Rad8 19. a4 Bf5 20. Bg5 Be6 21.
Qc2 Be7 22. Red1 Nd5 23. Bxe7 Qxe7 24. Qc5 h6 25. Bf3 Nf6 26. Nd3 Qxc5 27. Nxc5
Bc8 28. a5 Nd5 29. Rd2 Kf8 30. Be2 Ke7 31. Bc4 Kd6 32. Rd3 Re7 33. Rb3 Rde8 34.
Kg2 Nf6 35. f3 Nd5 36. Kf2 f5 37. Bd3 Re3 38. Rd1 1/2-1/2

[Event "Druzynowe Mistrzostwa Polski - II Liga 2023"]
[Site "Jastrzebia Gora"]
[Date "1899-12-30"]
[Round "8.23"]
[White "Slezinski, Nikodem"]
[Black "Powalka, Michal"]
[Result "1-0"]
[WhiteTitle "I++"]
[BlackTitle "I++"]
[WhiteElo "1970"]
[BlackElo "1943"]

1. e4 e5 2. Nf3 Nc6 3. d4 exd4 4. Bc4 Nf6 5. e5 d5 6. Bb5 Ne4 7. Nxd4 Bc5 8. Be3
Bd7 9. Bxc6 bxc6 10. Nd2 Nxd2 11. Qxd2 Bb6 12. Nb3 Qe7 13. Qc3 O-O 14. Nc5 Rfe8
15. f4 f6 16. O-O fxe5 17. fxe5 Bxc5 18. Bxc5 Qxe5 19. Rf8+ 1-0

[Event "Druzynowe Mistrzostwa Polski - II Liga 2023"]
[Site "Jastrzebia Gora"]
[Date "1899-12-30"]
[Round "8.24"]
[White "Bebnik, Malgorzata"]
[Black "Hampel, Anna"]
[Result "1-0"]
[WhiteTitle "I++"]
[BlackTitle "I++"]
[WhiteElo "1842"]
[BlackElo "1644"]

1. e4 e5 2. Nf3 Nc6 3. Bc4 Bc5 4. O-O Nf6 5. d3 d6 6. h3 h6 7. c3 a5 8. d4 exd4
9. cxd4 Ba7 10. Nc3 O-O 11. Re1 Re8 12. Bf4 Nh5 13. Bh2 g5 14. Qb3 Rf8 15. Nb5
Bb6 16. e5 a4 17. Qd1 d5 18. Be2 Ng7 19. Bg3 Bf5 20. Bd3 Qd7 21. a3 Bxd3 22. Qxd3
Ne6 23. Rad1 Na5 24. Nc3 Nc4 25. Qc2 c6 26. Re2 Bd8 27. Nxa4 Be7 28. Nc3 b5 29.
Nh2 Qa7 30. Qd3 Rfb8 31. Ng4 b4 32. Nxh6+ Kg7 33. Nf5+ Kf8 34. axb4 Rxb4 35. Nh6
Kg7 36. Nf5+ Kf8 37. Qf3 Nxb2 38. Qh5 Ke8 39. Rdd2 Nc4 40. Ra2 Qb7 41. Nd6+ Nxd6
42. exd6 Rxa2 43. Nxa2 Rb1+ 44. Kh2 Kd8 45. Qxf7 Bxd6 46. Qg8+ Bf8 47. Rxe6 Qg7
48. Rd6+ Ke7 49. Qe6# 1-0

[Event "Druzynowe Mistrzostwa Polski - II Liga 2023"]
[Site "Jastrzebia Gora"]
[Date "1899-12-30"]
[Round "8.26"]
[White "Bednarek, Sylwester"]
[Black "Grochol, Kamil"]
[Result "1-0"]
[WhiteTitle "FM"]
[BlackTitle "I++"]
[WhiteElo "2268"]
[BlackElo "2093"]

1. d4 Nf6 2. Bg5 c5 3. Bxf6 gxf6 4. d5 f5 5. c3 d6 6. g3 Bg7 7. Nh3 Nd7 8. Nf4
Nf6 9. e3 e5 10. Nh5 O-O 11. Na3 a6 12. Nxf6+ Qxf6 13. Nc4 b5 14. Nb6 Rb8 15.
Nxc8 Rfxc8 16. Bh3 Re8 17. Qh5 Qg6 18. Qxf5 e4 19. Qd7 b4 20. O-O bxc3 21. bxc3
Bxc3 22. Rab1 Rbd8 23. Qc7 Be5 24. Bd7 Rf8 25. Rb7 h5 26. Kg2 h4 27. Rfb1 Qh5
28. g4 h3+ 29. Kh1 Qh4 30. Rf1 Kh8 31. Bf5 Rg8 32. Qe7 Qxe7 33. Rxe7 Kg7 34. Be6
Rgf8 35. f4 exf3 36. Rxf3 Bf6 37. Rc7 Rb8 38. Rxh3 Rb1+ 39. Kg2 Rb2+ 40. Kf3 Rxa2
41. Rh5 a5 42. Rf5 Rxh2 43. g5 Be5 44. Bxf7 Kh8 45. Rxe5 dxe5 46. Ke4 a4 47. g6
Kg7 48. Ra7 c4 49. Rxa4 c3 50. Ra7 c2 51. Rc7 Ra8 52. d6 Rd2 53. Bd5+ Kxg6 54.
Bxa8 Rxd6 55. Rxc2 Kf6 56. Rc6 1-0

[Event "Druzynowe Mistrzostwa Polski - II Liga 2023"]
[Site "Jastrzebia Gora"]
[Date "1899-12-30"]
[Round "8.27"]
[White "Kukula, Karol"]
[Black "Smagalski, Slawomir"]
[Result "1/2-1/2"]
[WhiteTitle "I++"]
[BlackTitle "I++"]
[WhiteElo "1978"]
[BlackElo "1942"]

1. e4 e5 2. Nf3 Nc6 3. Nc3 Nf6 4. Bb5 Bb4 5. O-O O-O 6. d3 Bxc3 7. bxc3 d6 8. Bg5
h6 9. Bh4 Qe7 10. Re1 a6 11. Bxc6 bxc6 12. d4 Qe6 13. Bxf6 Qxf6 14. Qd3 Qe6 15.
dxe5 dxe5 16. Nd2 a5 17. Nb3 Kh8 18. Nc5 Qe7 19. Qc4 Rd8 20. Red1 Rd6 21. Rd3
Rb8 22. Nb3 Be6 23. Qa4 Ra8 24. Rad1 Bd7 25. f3 Be8 26. Qc4 Rxd3 27. cxd3 Qa3
28. Nc5 Qb2 29. Qb3 Qe2 30. Na4 Rb8 31. Qxb8 Qxd1+ 32. Kf2 Qd2+ 33. Kg3 Qg5+ 34.
Kf2 Qd2+ 1/2-1/2

[Event "Druzynowe Mistrzostwa Polski - II Liga 2023"]
[Site "Jastrzebia Gora"]
[Date "1899-12-30"]
[Round "8.28"]
[White "Steczek, Malgorzata"]
[Black "Kalmuk, Krzysztof"]
[Result "0-1"]
[WhiteTitle "I+"]
[BlackTitle "I++"]
[WhiteElo "1748"]
[BlackElo "1992"]

1. e4 c5 2. c3 Nc6 3. d4 cxd4 4. cxd4 d5 5. exd5 Qxd5 6. Nf3 e6 7. Be2 Nf6 8. O-O
Be7 9. Nc3 Qd8 10. Bf4 O-O 11. Rc1 b6 12. Re1 Bb7 13. Bd3 Rc8 14. Bb1 Nb4 15.
Be5 Nbd5 16. Qd3 g6 17. Qd2 Nxc3 18. bxc3 Bxf3 19. gxf3 b5 20. Qb2 Qa5 21. Qb3
Nd5 22. Re3 Nxe3 23. fxe3 Ba3 24. Rc2 Rc4 25. e4 f6 26. Bg3 Rfc8 27. Kf1 Qa4 28.
Be1 Bb4 29. Qb2 a6 30. a3 Bxa3 31. Qa1 Bd6 32. Qxa4 Rxa4 33. Ba2 Kf7 34. d5 e5
35. Ke2 f5 36. Kd3 Ra3 37. Kd2 Rcxc3 38. Rxc3 Bb4 39. Kd3 Bxc3 40. Bxc3 b4 41.
d6+ Ke8 42. Kc4 bxc3 43. Bb1 fxe4 44. fxe4 Kd7 45. Kd5 Ra5+ 46. Kc4 Ra1 47. Bd3
Kxd6 0-1

[Event "Druzynowe Mistrzostwa Polski - II Liga 2023"]
[Site "Jastrzebia Gora"]
[Date "1899-12-30"]
[Round "8.29"]
[White "Zabron, Maksym"]
[Black "Walaszczyk, Witold"]
[Result "1-0"]
[WhiteTitle "I++"]
[BlackTitle "k"]
[WhiteElo "1993"]
[BlackElo "1945"]

1. Nf3 d5 2. c4 c6 3. e3 Nf6 4. Nc3 e6 5. d4 Be7 6. Qc2 O-O 7. b3 a6 8. Bd3 Nbd7
9. O-O b5 10. Ne5 bxc4 11. bxc4 dxc4 12. Nxc4 c5 13. Rb1 cxd4 14. exd4 Qc7 15.
f4 Bb7 16. f5 Bd5 17. Nxd5 exd5 18. Ne5 Rfc8 19. Qxc7 Rxc7 20. Bf4 Nh5 21. Bd2
Nhf6 22. Ba5 Rca7 23. Nc6 Bd6 24. Nxa7 Rxa7 25. Rfe1 g6 26. g3 Kg7 27. Kg2 Ng8
28. g4 Be7 29. Bb6 Ra8 30. Bc7 Bf6 31. Be5 Nh6 32. g5 Bxe5 33. gxh6+ 1-0

[Event "Druzynowe Mistrzostwa Polski - II Liga 2023"]
[Site "Jastrzebia Gora"]
[Date "1899-12-30"]
[Round "8.30"]
[White "Bukowska, Katarzyna"]
[Black "Pisarek, Elzbieta"]
[Result "1-0"]
[WhiteTitle "k++"]
[BlackTitle "I++"]
[WhiteElo "1732"]
[BlackElo "1779"]

1. e4 c5 2. Nf3 d6 3. d4 cxd4 4. Nxd4 Nf6 5. Nc3 g6 6. Be2 Bg7 7. O-O O-O 8. Nb3
Nc6 9. Bg5 a6 10. f4 Be6 11. Kh1 b5 12. Bf3 Rc8 13. Nd5 Bxd5 14. exd5 Na5 15.
Nd4 Nc4 16. Re1 Nxb2 17. Qe2 Nc4 18. Nc6 Rxc6 19. dxc6 e6 20. Qf2 Qc7 21. a4 b4
22. Qd4 Ng4 23. Qxc4 Nf2+ 24. Kg1 Qb6 25. Kf1 d5 26. Qe2 Bxa1 27. Rxa1 Ne4 28.
Bxe4 dxe4 29. Qxe4 Rc8 30. Rd1 a5 31. Bf6 Kf8 32. Qd4 Qxc6 33. Qd8+ Rxd8 34. Rxd8+
Qe8 35. Rxe8+ Kxe8 36. Ke2 Kd7 37. Kd3 Kc7 38. Kc4 Kb6 39. Bd8+ Ka6 40. Kc5 1-0

[Event "Druzynowe Mistrzostwa Polski - II Liga 2023"]
[Site "Jastrzebia Gora"]
[Date "1899-12-30"]
[Round "8.31"]
[White "Baum, Jonasz"]
[Black "Taranowicz, Michal"]
[Result "1-0"]
[WhiteTitle "IM"]
[BlackTitle "k"]
[WhiteElo "2436"]
[BlackElo "2092"]

1. d4 Nf6 2. c4 c5 3. d5 e6 4. Nc3 exd5 5. cxd5 d6 6. Nf3 g6 7. Nd2 Bg7 8. e4 O-O
9. Be2 Re8 10. O-O Na6 11. f3 Nc7 12. a4 b6 13. Nc4 Ba6 14. Kh1 Bxc4 15. Bxc4
a6 16. Qd3 h6 17. Bd2 Qd7 18. Rfb1 Kh7 19. Qf1 Qe7 20. b4 cxb4 21. Rxb4 Nd7 22.
Bd3 b5 23. a5 Nc5 24. Bc2 Rec8 25. Ra3 Ne8 26. Ne2 Nf6 27. Nd4 Nfd7 28. Nc6 Rxc6
29. dxc6 Ne5 30. Re3 Nxc6 31. Rb1 Ne5 32. Bb3 Nxb3 33. Rexb3 Nc4 34. Bb4 Qe6 35.
Qd3 Rc8 36. Re1 Be5 37. Rf1 Bf4 38. Rc3 h5 39. Qe2 d5 40. Rd3 dxe4 41. fxe4 Be5
42. Rd5 Bg7 43. Rd3 Re8 44. Bc3 Bxc3 45. Rxc3 Re7 46. h3 Nxa5 47. Rcf3 f5 48.
Qf2 Qxe4 49. Ra3 Nc4 50. Rxa6 Ne3 51. Rc1 f4 52. Kh2 Nf5 53. Ra7 Rxa7 54. Qxa7+
Kh6 55. Qf2 b4 56. Rf1 Kg5 57. Re1 Qd3 58. Qf3 Qd2 59. Re2 Qd6 60. Rf2 Qc7 61.
Rb2 Qc4 62. Qb3 Qc7 63. Qf3 Qd6 64. Ra2 Nh4 65. Ra5+ Kh6 66. Qd5 Qf6 67. Qd2 b3
68. Rb5 b2 69. Rxb2 Qe5 70. Rb4 Kg5 71. Qd8+ Qf6 72. Rb5+ Nf5 73. h4+ 1-0

[Event "Druzynowe Mistrzostwa Polski - II Liga 2023"]
[Site "Jastrzebia Gora"]
[Date "1899-12-30"]
[Round "8.33"]
[White "Dalkowski, Rafal"]
[Black "Kitewski, Bartosz"]
[Result "1-0"]
[WhiteTitle "k"]
[BlackTitle "I++"]
[WhiteElo "2079"]
[BlackElo "1967"]

1. d4 Nf6 2. c4 g6 3. Nc3 d5 4. Bg5 Ne4 5. Bf4 Nxc3 6. bxc3 Bg7 7. e3 O-O 8. Nf3
c5 9. cxd5 Qxd5 10. Qb3 Qxb3 11. axb3 Nc6 12. Bb5 Bd7 13. O-O a6 14. Be2 Rfe8
15. Bg3 Rac8 16. d5 Na7 17. Ne5 Rcd8 18. Ra5 Nb5 19. c4 Nd6 20. Bd3 Bf5 21. Rd1
Bxe5 22. Bxe5 Bxd3 23. Rxd3 Rc8 24. f3 Red8 25. Rc3 h5 26. Bf4 Nf5 27. e4 Nd4
28. Kf2 f6 29. Be3 e5 30. Bxd4 cxd4 31. Rc2 Rd6 32. Ra3 Rb6 33. Ke2 Kf7 34. Kd3
Ke7 35. f4 Rb4 36. Kd2 Kd6 37. g3 h4 38. Kc1 Kc5 39. Rd2 1-0

[Event "Druzynowe Mistrzostwa Polski - II Liga 2023"]
[Site "Jastrzebia Gora"]
[Date "1899-12-30"]
[Round "8.34"]
[White "Slawinski, Miroslaw"]
[Black "Haliniak, Wojciech"]
[Result "0-1"]
[WhiteTitle "k"]
[BlackTitle "I"]
[WhiteElo "1905"]
[BlackElo "1870"]

1. Nf3 d6 2. e4 c5 3. Nc3 Nf6 4. d4 cxd4 5. Nxd4 Nc6 6. Bg5 e6 7. Nxc6 bxc6 8.
e5 dxe5 9. Qf3 Qb6 10. Bxf6 gxf6 11. Bb5 Bb7 12. Ba4 f5 13. O-O-O Rg8 14. h3 e4
15. Qh5 Qxf2 16. Rd7 Bh6+ 17. Kb1 Kxd7 18. Qxf7+ Kd6 19. Rd1+ Ke5 20. Bb3 Rae8
21. Qxb7 Be3 22. Qxc6 Bb6 23. g4 Qc5 24. Qa4 Rd8 25. Re1 Rd4 26. Qa6 Rgd8 27.
gxf5 exf5 28. Qe2 Rd2 29. Qh5 Kd6 30. a4 Rd7 31. Rf1 Rf2 32. Rd1+ Kc7 33. Nb5+
Kc8 34. Qe8+ Rd8 35. Nxa7+ Kb7 36. Qf7+ Kc8 37. Nb5 0-1

[Event "Druzynowe Mistrzostwa Polski - II Liga 2023"]
[Site "Jastrzebia Gora"]
[Date "1899-12-30"]
[Round "8.35"]
[White "Suska, Szymon"]
[Black "Strepikowski, Pawel"]
[Result "1-0"]
[WhiteTitle "I+"]
[BlackTitle "I"]
[WhiteElo "2058"]
[BlackElo "1855"]

1. Nf3 Nf6 2. c4 e6 3. g3 b6 4. Bg2 Bb7 5. O-O Be7 6. Nc3 O-O 7. d4 d5 8. cxd5
exd5 9. Bf4 Nbd7 10. Nb5 c6 11. Nd6 Bxd6 12. Bxd6 Re8 13. Rc1 Ne4 14. Bf4 c5 15.
dxc5 Ndxc5 16. Nd4 a5 17. b3 Qd7 18. a3 Rac8 19. h4 Ba6 20. Kh2 Qe7 21. b4 axb4
22. axb4 Ne6 23. Nxe6 fxe6 24. Rxc8 Rxc8 25. Bxe4 dxe4 26. Be5 Qf7 27. Qd4 Bxe2
28. Re1 Bc4 29. Qxb6 Bd5 30. Qe3 Rc2 31. Kg1 Qb7 32. Bd6 Qa6 33. Bc5 Rb2 34. Rc1
Rb3 35. Qf4 Qb7 36. Qf8# 1-0

[Event "Druzynowe Mistrzostwa Polski - II Liga 2023"]
[Site "Jastrzebia Gora"]
[Date "1899-12-30"]
[Round "8.36"]
[White "Kawa, Anna"]
[Black "Matskevich, Varvara"]
[Result "0-1"]
[WhiteTitle "I++"]
[BlackTitle "I++"]
[WhiteElo "1665"]
[BlackElo "1690"]

1. e4 c5 2. Nf3 Nc6 3. Bb5 Qb6 4. Bxc6 Qxc6 5. d3 e6 6. Be3 Ne7 7. Nbd2 d5 8. c3
b6 9. O-O f6 10. Re1 Ba6 11. exd5 Nxd5 12. d4 Be7 13. dxc5 bxc5 14. Qc2 O-O 15.
Ne4 Rfd8 16. Ng3 Rd7 17. Rad1 Rad8 18. a3 e5 19. Nf5 Bf8 20. c4 Nc7 21. b3 Ne6
22. Rxd7 Qxd7 23. Bc1 Bb7 24. Ne3 Bxf3 25. gxf3 Nd4 26. Qe4 Qh3 27. Ng2 Nxf3+
28. Kf1 f5 29. Qe3 f4 30. Qe4 Rd4 31. Qc6 Nxh2+ 32. Kg1 Nf3+ 33. Kf1 Nxe1 34.
Kxe1 Qh1+ 35. Ke2 Qd1# 0-1

[Event "Druzynowe Mistrzostwa Polski - II Liga 2023"]
[Site "Jastrzebia Gora"]
[Date "1899-12-30"]
[Round "8.37"]
[White "Lapaj, Mateusz"]
[Black "Rudolf, Michal"]
[Result "1/2-1/2"]
[WhiteTitle "k+"]
[BlackTitle "FM"]
[WhiteElo "2218"]
[BlackElo "2287"]

1. e4 e6 2. d4 d5 3. Nc3 Nf6 4. e5 Nfd7 5. f4 c5 6. Nf3 Nc6 7. Be3 Be7 8. Qd2 O-O
9. Be2 a6 10. O-O b5 11. a3 1/2-1/2

[Event "Druzynowe Mistrzostwa Polski - II Liga 2023"]
[Site "Jastrzebia Gora"]
[Date "1899-12-30"]
[Round "8.38"]
[White "Kaim, Piotr"]
[Black "Garbowski, Jakub"]
[Result "1-0"]
[WhiteTitle "m"]
[BlackTitle "k"]
[WhiteElo "2161"]
[BlackElo "2129"]

1. e4 e5 2. Nf3 Nf6 3. d4 Nxe4 4. Bd3 Nc6 5. Bxe4 d5 6. Bd3 e4 7. Bb5 exf3 8. Qxf3
Bd6 9. c3 O-O 10. O-O Qh4 11. g3 Qh3 12. Qxd5 Be6 13. Qh1 Qf5 14. Be2 Bd5 15.
Bg4 Qxg4 16. Qxd5 Rae8 17. Nd2 Ne7 18. Qf3 Qh3 19. Nc4 Ng6 20. Nxd6 cxd6 21. Be3
f5 22. Qg2 Qh5 23. Qd5+ Kh8 24. Rae1 Re4 25. f3 Re7 26. Bf2 Rf6 27. Rxe7 Nxe7
28. Qxb7 Re6 29. Re1 Qg6 30. Qa8+ Ng8 31. Qd5 1-0

[Event "Druzynowe Mistrzostwa Polski - II Liga 2023"]
[Site "Jastrzebia Gora"]
[Date "1899-12-30"]
[Round "8.39"]
[White "Musial, Igor"]
[Black "Warszawski, Bartosz"]
[Result "1/2-1/2"]
[WhiteTitle "I+"]
[BlackTitle "m"]
[WhiteElo "2021"]
[BlackElo "2159"]

1. e4 c5 2. Nf3 e6 3. d4 cxd4 4. Nxd4 Nc6 5. Nc3 Qc7 6. a3 a6 7. Be3 b5 8. Nxc6
dxc6 9. Qg4 Nf6 10. Qg3 Qxg3 11. hxg3 Ng4 12. Bd2 Bc5 13. f3 Nf6 14. a4 b4 15.
Nd1 e5 16. Nf2 a5 17. Nd3 Bd6 18. b3 Be6 19. Be3 Nd7 20. g4 f6 21. Be2 h6 22.
O-O-O Ke7 23. Rd2 1/2-1/2

[Event "Druzynowe Mistrzostwa Polski - II Liga 2023"]
[Site "Jastrzebia Gora"]
[Date "1899-12-30"]
[Round "8.40"]
[White "Chalupnik, Marcin"]
[Black "Krol, Rafal"]
[Result "1/2-1/2"]
[WhiteTitle "k++"]
[BlackTitle "I++"]
[WhiteElo "2085"]
[BlackElo "2018"]

1. e4 c6 2. Nc3 d5 3. Nf3 Bg4 4. h3 Bxf3 5. Qxf3 e6 6. d4 Nf6 7. Bd3 dxe4 8. Nxe4
Qxd4 9. O-O Be7 10. Rd1 Nbd7 11. Be3 Qd5 12. Qf4 Qe5 13. Nxf6+ Bxf6 14. Qb4 1/2-1/2

[Event "Druzynowe Mistrzostwa Polski - II Liga 2023"]
[Site "Jastrzebia Gora"]
[Date "1899-12-30"]
[Round "8.41"]
[White "Rosicki, Marcin"]
[Black "Rams, Michal"]
[Result "1-0"]
[WhiteTitle "I++"]
[BlackTitle "k+"]
[WhiteElo "2030"]
[BlackElo "2093"]

1. e4 g6 2. d4 Bg7 3. Nc3 d6 4. f4 Nf6 5. Nf3 O-O 6. Bd3 c5 7. dxc5 dxc5 8. Be3
Nfd7 9. O-O e5 10. fxe5 Nc6 11. Bb5 Ncxe5 12. Qd5 Nxf3+ 13. gxf3 Nb6 14. Qxd8
Rxd8 15. Bxc5 Bh3 16. Rfd1 Rdc8 17. Bd4 Nc4 18. Bxc4 Rxc4 19. Bxg7 Kxg7 20. Rd2
Rac8 21. Rc1 Rb4 22. Nd1 Rc5 23. Rd5 Rxd5 24. exd5 Rd4 25. Ne3 Kf6 26. c4 Ke5
27. Rc2 Rd3 28. Kf2 Kd4 29. Ng4 h5 30. Nh6 Rd1 31. Kg3 Bf1 32. b3 Bd3 33. Rf2
f6 34. h4 b5 35. d6 Kc5 36. d7 Bb1 37. Rf1 Rxd7 38. Rxb1 bxc4 39. Rc1 1-0

[Event "Druzynowe Mistrzostwa Polski - II Liga 2023"]
[Site "Jastrzebia Gora"]
[Date "1899-12-30"]
[Round "8.42"]
[White "Bednarska-bzdega, Malgorzata"]
[Black "Guzik, Jolanta"]
[Result "1/2-1/2"]
[WhiteTitle "WFM"]
[BlackTitle "WFM"]
[WhiteElo "1907"]
[BlackElo "1965"]

1. e4 d5 2. exd5 Qxd5 3. Nc3 Qa5 4. d4 Nf6 5. Nf3 c6 6. Bd2 Qb6 7. Bc4 Bf5 8. Qe2
e6 9. O-O-O Nbd7 10. d5 cxd5 11. Bxd5 Bb4 12. Bc4 Rc8 13. Nh4 Bg6 14. Nxg6 hxg6
15. Nb5 Bc5 16. Bf4 O-O 17. f3 a6 18. Nc3 Qc6 19. Bb3 b5 20. g4 Bb4 21. Bd2 Nc5
22. Kb1 Rfd8 23. h4 a5 24. a3 Nxb3 25. cxb3 Be7 26. g5 Nh5 27. Qxb5 Qxf3 28. Rhf1
Qh3 29. Qb7 Qd3+ 30. Ka2 Qd7 31. Qf3 Rf8 32. Be3 Qc7 33. Ne2 Bd6 34. Rc1 Qb8 35.
Bd4 Rxc1 36. Rxc1 e5 37. Bc3 Bc7 38. Qd5 Rd8 39. Qc4 Re8 40. Rf1 Nf4 41. Rd1 Nh5
42. Qd5 Rd8 43. Rc1 e4 44. Qc5 1/2-1/2

[Event "Druzynowe Mistrzostwa Polski - II Liga 2023"]
[Site "Jastrzebia Gora"]
[Date "1899-12-30"]
[Round "8.43"]
[White "Malisauskas, Vidmantas"]
[Black "Sliwicka, Alicja"]
[Result "0-1"]
[WhiteTitle "GM"]
[BlackTitle "WIM"]
[WhiteElo "2344"]
[BlackElo "2321"]

1. d4 Nf6 2. Nf3 g6 3. c4 Bg7 4. Nc3 O-O 5. e4 d6 6. h3 e5 7. d5 Nh5 8. g3 f5 9.
exf5 gxf5 10. Nh4 Nf4 11. Nf3 Ng6 12. Ng5 h6 13. Ne6 Bxe6 14. dxe6 Qe8 15. Nd5
Na6 16. c5 Nxc5 17. Nxc7 Qc6 18. Nxa8 Qxh1 19. Nc7 e4 20. Be3 Bxb2 21. Kd2 Kh7
22. Rb1 Be5 23. Qh5 f4 24. Bxc5 dxc5 25. e7 e3+ 26. Ke2 Qe4 27. Qxg6+ Kxg6 28.
exf8=Q f3+ 29. Qxf3 Qc2+ 0-1

[Event "Druzynowe Mistrzostwa Polski - II Liga 2023"]
[Site "Jastrzebia Gora"]
[Date "1899-12-30"]
[Round "8.44"]
[White "Sliwicki, Damian"]
[Black "Marszk, Kazimierz"]
[Result "1/2-1/2"]
[WhiteTitle "CM"]
[BlackTitle "FM"]
[WhiteElo "2091"]
[BlackElo "1801"]

1. d4 Nf6 2. Nc3 d5 3. Bf4 e6 4. e3 Bd6 5. Bg3 O-O 6. Nf3 a6 7. Bd3 c5 8. Ne5 Nc6
9. O-O cxd4 10. exd4 Nxd4 11. Bxh7+ Nxh7 12. Qxd4 Bxe5 13. Bxe5 f6 14. Bg3 Bd7
15. Rad1 Bc6 16. Qg4 Qd7 17. Rfe1 Rfe8 18. f3 Qf7 19. Bf2 Rac8 20. Qb4 e5 21.
a3 d4 22. Ne2 Ng5 23. Ng3 Bxf3 24. gxf3 Nxf3+ 25. Kg2 Nxe1+ 26. Qxe1 Rxc2 27.
Qe4 Rec8 28. Nf5 R8c6 29. Rd3 Kf8 30. Rh3 Qg8 31. Rg3 Rc7 32. Qf3 Qe6 33. Rh3
Qc6 34. Rh8+ Kf7 35. Nd6+ Qxd6 36. Qh5+ Ke6 37. Qg4+ Kd5 38. Qf5 Rxb2 39. Qf3+
Kc5 40. Qc3+ Kb6 41. Qxb2+ Ka7 42. Rh3 Qd5+ 43. Kg1 b6 44. Rb3 Rc6 45. h4 g6 46.
Rg3 Qe4 47. Qd2 Qb1+ 48. Kg2 a5 49. Qh6 Qe4+ 50. Kh2 Rc2 51. Qg7+ Ka6 52. Qxf6
Rb2 53. Rxg6 Rxf2+ 54. Qxf2 Qxg6 55. Qe2+ d3 56. Qxe5 Qc6 57. Qf5 Qd6+ 58. Kg2
Qxa3 59. h5 Qb2+ 60. Kg3 Qe2 61. Qc8+ Kb5 62. Qd7+ Kb4 63. Qd4+ Ka3 64. Qd6+ Ka2
65. Qd5+ Kb2 66. Qd4+ Kc2 67. Qc4+ Kd2 68. Qa2+ Ke1 69. Qb1+ Qd1 70. Qxb6 Qxh5
71. Qe3+ Qe2 72. Qc1+ Qd1 73. Qe3+ Qe2 1/2-1/2

[Event "Druzynowe Mistrzostwa Polski - II Liga 2023"]
[Site "Jastrzebia Gora"]
[Date "1899-12-30"]
[Round "8.45"]
[White "Grajczak, Adrian"]
[Black "Praczukowski, Stanislaw"]
[Result "0-1"]
[WhiteTitle "I++"]
[BlackTitle "k"]
[WhiteElo "1858"]
[BlackElo "2142"]

1. e4 e5 2. Nf3 Nc6 3. Bc4 Bc5 4. d3 Nf6 5. Bg5 h6 6. Bh4 Be7 7. Bg3 d6 8. a4 O-O
9. c3 Kh8 10. O-O Ng8 11. d4 f5 12. exf5 e4 13. Nfd2 d5 14. Be2 Nf6 15. Na3 Bxf5
16. Nc2 Bd6 17. Ne3 Be6 18. Bxd6 Qxd6 19. f4 Ne7 20. Qe1 Nh7 21. g3 Bh3 22. Ng2
Nf5 23. Bd1 Nf6 24. Rf2 e3 25. Nxe3 Nxe3 26. Qxe3 Rae8 27. Qd3 Re1+ 28. Nf1 Ne4
29. Rf3 g5 30. g4 Bxg4 31. Re3 Qxf4 32. Rxe1 Qf2+ 33. Kh1 Qxe1 34. Bxg4 Qxa1 0-1

[Event "Druzynowe Mistrzostwa Polski - II Liga 2023"]
[Site "Jastrzebia Gora"]
[Date "1899-12-30"]
[Round "8.46"]
[White "Gorkiewicz, Mateusz"]
[Black "Brylowski, Marian"]
[Result "1-0"]
[WhiteTitle "k"]
[BlackTitle "I++"]
[WhiteElo "2133"]
[BlackElo "1927"]

1. e4 e5 2. Nc3 Nf6 3. f4 d6 4. Nf3 Bg4 5. h3 Bxf3 6. Qxf3 Be7 7. Bc4 O-O 8. O-O
Nbd7 9. d3 c6 10. Bb3 Nc5 11. fxe5 dxe5 12. Qg3 Qd6 13. Be3 Nfd7 14. Rf5 Nxb3
15. axb3 a6 16. Raf1 Rae8 17. Nb1 Bd8 18. Qf2 f6 19. Nd2 g6 20. Rf3 Rf7 21. h4
h5 22. Kh1 Kh7 23. Nc4 Qe6 24. Bc1 Be7 25. Ne3 Bf8 26. Rg1 Bh6 27. Qe2 Rh8 28.
g4 hxg4 29. Rxg4 Bf4 30. Qg2 Nf8 31. Rf1 f5 32. exf5 gxf5 33. Nxf5 Rxf5 34. Rg7+
Kh6 35. Rxf4 exf4 36. Bxf4+ 1-0